02348cam a22004454i 4500003000900000005001700009008004100026035001900067040003300086049000900119082001900128100002900147245008900176264009300265300003800358336002100396337002500417338002300442505072900465526001001194526001001204526001001214526001001224526000801234526000801242526000801250526000801258526000801266526000801274526000801282630004001290910002801330942001401358949013101372994001401503596000601517999015601523980005501679952016801734PE-LiUPU20250731172714.0150617s1977 miu r 000 0 eng d a(Sirsi) a10721 aPE-LiUPUbspacPE-LiUPUerda aPRUA04a227.1bS312211 aSchaal, Juan H.,eautor.13aEl camino real de Romanos: un estudio de la Epístola de Romanos /cJuan H. Schaal. 1aMichigan :bSubcomisión Literatura Cristiana de la Iglesia Cristiana Reformada,c1977. a147 páginas ;c22 centímetros atext2rdacontent aunmediated2rdamedia avolume2rdacarrier0 a"Con diligencia preséntate a Dios aprobado" -- El libro - Su autor - Los lectores - El tema - Bosquejo -- El hombre sabe que necesita a Dios -- Juzgados y hallados faltos -- Privilegio - pero no perdón - a causa del pecado -- Abraham y David justificados por fe -- Paz con Dios; sus beneficios y gozos -- Viviendo la vida santificada, poseyendo la justificación -- La regla para la vida y la conducta cristiana -- Ni condenación ni separación -- La soberanía de Dios en sus relaciones con Israel -- El único camino de salvación proclamado -- ¡Sí, hay un futuro para los Judíos! -- ¡Sacrificios vivos! -- La conducta que debemos tener hacia el gobierno y el Prógimo -- En la debilidad hechos fuertes. aSEG42 aSEG41 aSEG40 aSEG39 aP94 aP87 aP86 aP85 aP77 aP76 aP35 aBibliapN.T.pRomanosxComentarios. ajckbjvqcjckd20150616 2ddccBOOK a227.1 S31wDEWEYc1i21089lCCODEBUL1mBULp40.00r0sYtBOOKu19821020xTEOLOGIAPP350COMPRAo.STAFF. Colección Teología aC0bPEPRU a1 a227.1 S31wDEWEYc797i21089d797f2021-11-9g5lCCODEBUL1mBULp40.00q1r0sYtBOOKu2015-6-17xTEOLOGIAPP350COMPRAo.STAFF. Colección Teología 81gALBERTO SANCHEZ Responsable de Automatización r2025-12-03 00:00:00i6l0o227.1 S31p21089te1v45.00w2015-06-17xFTyBKzinventario-2023-12-13102ddc50708GENfP35aBULbBULcGENd2015-06-17eCOMPRAg40.00